|
|
|
|
| LEADER |
00989nam a2200265 u 4500 |
| 001 |
10016018 |
| 003 |
upatras |
| 005 |
20210420065321.0 |
| 008 |
881025s1995 us eng |
| 020 |
|
|
|a 0930323513
|
| 040 |
|
|
|a GR-PaULI
|c GR-PaULI
|
| 041 |
0 |
|
|a eng
|
| 082 |
0 |
4 |
|a 362.42
|
| 100 |
1 |
|
|a Schein, Jerome Daniel
|9 3194
|
| 245 |
1 |
0 |
|a At home among strangers
|c Jerome D. Schein
|
| 260 |
|
|
|a Washington
|b Gallaudet University Press
|c 1995, c1989
|
| 300 |
|
|
|a x, 254 p.
|c 24 cm
|
| 504 |
|
|
|a Includes bibliographical references and index
|
| 650 |
|
4 |
|a Κοινωνικά προβλήματα
|9 70
|
| 650 |
|
4 |
|a Κωφοί
|x Κοινωνικές υπηρεσίες
|9 1214
|
| 852 |
|
|
|a GR-PaULI
|b ΠΑΤΡΑ
|b ΠΤΔΕ
|k ΑΣΧΞ
|h 362.42 SCH
|m 5249
|p 025000033216
|t 1
|
| 942 |
|
|
|2 ddc
|c BK15
|
| 952 |
|
|
|0 0
|1 0
|4 0
|6 362_420000000000000_SCH
|7 0
|9 163486
|a PTDE
|b PTDE
|d 2016-04-24
|i 5249
|l 0
|o 362.42 SCH
|p 025000033216
|r 2016-04-24 00:00:00
|t 1
|w 2016-04-24
|y BK15
|
| 998 |
|
|
|c ΤΣΕΝΕ
|
| 999 |
|
|
|c 102554
|d 102554
|